000 00793nam a2200217 ca4500
001 000030479
003 RuMoIPM
005 20260505123548.0
008 230210s1977 ru ||||||| |||| ||rus d
035 _a(RuMoBEN) 002071105
035 _a(ELAR retro) [2022] 000034519
040 _aRuMoBEN
_brus
_ercr
041 0 _arus
044 _aru
100 1 _aПухначев, Юрий Васильевич
245 1 0 _a[Учись применять математику]
_b(Математика без формул)
_cЮ. В. Пухначев, Ю. П. Попов
260 _aМосква
_bЗнание
_c1977-
490 0 _aНародный университет. Естественнонаучный факультет
700 1 _aПопов, Юрий Петрович
942 _cBK
999 _c30479
_d30479